[Event "Blitz open"]
[Site "SchemingMind.com"]
[Date "2012.12.17"]
[Round "-"]
[White "simpet"]
[Black "silent1"]
[Result "1-0"]
[WhiteCountry "ENG"]
[BlackCountry "CAN"]
[WhiteElo "1613"]
[WhiteRD "54"]
[BlackElo "1407"]
[BlackRD "90"]
[GameID "323336"]

1. e4 g6 2. d4 Bg7 3. e5 e6 4. Nf3 Ne7 5. Bd3 O-O 6. O-O d5 7. Bg5 Nbc6 8. Nbd2 f6 9. exf6 Bxf6 10. Bxf6 Rxf6
11. Ne5 Nxe5 12. Nb3 Nxd3 13. Qxd3 b6 14. c3 a5 15. Rfe1 Ba6 16. Qh3 Bc4 17. Nd2 Qf8 18. Nf3 Nf5 19. Nh4 Nxh4 20. Qxh4 Bd3
21. f3 Kg7 22. Re5 Rf4 23. Qf2 Rf6 24. Rae1 Re8 25. R1e3 Qf7 26. Rxd3 Rf5 27. Qg3 Rxe5 28. Qxe5+ Kg8 29. a3 Re7 30. b4 Qf5
31. Qxf5 exf5 32. Kf2 Kg7 33. Re3 Rxe3 34. Kxe3 axb4 35. cxb4 Kf6 36. Kf4 g5+ 37. Ke3 h6 38. g3 h5 39. h4 Kg6 40. a4
1-0

[Event "Blitz open"]
[Site "SchemingMind.com"]
[Date "2012.12.16"]
[Round "-"]
[White "simpet"]
[Black "NAZRIZ1977"]
[Result "0-1"]
[WhiteCountry "ENG"]
[BlackCountry "WLS"]
[WhiteElo "1613"]
[WhiteRD "54"]
[BlackElo "1753"]
[BlackRD "63"]
[GameID "323337"]

1. e4 c6 2. d4 d5 3. e5 c5 4. c3 Nc6 5. f4 e6 6. Nf3 Nge7 7. Bd3 Bd7 8. O-O cxd4 9. cxd4 Qb6 10. Be2 Nf5
11. Nc3 Ncxd4 12. Nxd4 Qxd4+= 13. Kh1 Qxd1 14. Rxd1 Be7 15. a3 O-O 16. Nb5 a6 17. Nd4 Nxd4 18. Rxd4 Rfc8 19. b4 b5 20. Rd2 a5
21. Bb2 axb4 22. axb4 Bxb4 23. Rxa8 Rxa8 24. Rd4 Bc5 25. Rd1 Ra2 26. Rb1 b4 27. h3 Ba4 28. Rc1 Rxb2 29. Rxc5 g6 30. Bb5 Bxb5
31. Rxb5 b3 32. Kh2 Rb1 33. Kg3 b2 34. Kg4 d4 35. Kg5 Kg7 36. Rb3 d3 37. Rxd3 Rg1 38. Rb3 b1=Q 39. Rxb1 Rxb1 40. g4 Rb4
41. f5 exf5 42. gxf5 h6#
0-1

[Event "Blitz open"]
[Site "SchemingMind.com"]
[Date "2012.12.21"]
[Round "-"]
[White "simpet"]
[Black "SAMAEL"]
[Result "0-1"]
[WhiteCountry "ENG"]
[BlackCountry "CAN"]
[WhiteElo "1613"]
[WhiteRD "54"]
[BlackElo "1719"]
[BlackRD "55"]
[GameID "323338"]

1. e4 e5 2. d3 h6 3. Nf3 d6 4. Be2 Nf6 5. O-O Be7 6. Nc3 O-O 7. Be3 Re8 8. h3 Nc6 9. Nh2 Be6 10. f4 exf4
11. Bxf4 Nd4 12. Be3 Nxe2+ 13. Qxe2 Rc8 14. Qd2 Bf8 15. Rf3 c5 16. Raf1 Nd7 17. Rg3 Kh7 18. Ng4 Bxg4 19. Rxg4 Nf6 20. Rh4 a6
21. Ne2 Rc7 22. Ng3 Ng8 23. Nf5 f6 24. Rf3 g5 25. Rh5 Ne7 26. Nxe7 Qxe7 27. h4 Qf7 28. hxg5 Qxh5 29. Rxf6 hxg5 30. Bxg5 Rf7
31. Qf4 Rxf6 32. Qxf6 Bg7 33. Qf5+ Kh8 34. g4 Qh7 35. Qd7 Bd4+ 36. Kg2 Qxd7
0-1

[Event "Blitz open"]
[Site "SchemingMind.com"]
[Date "2012.12.16"]
[Round "-"]
[White "simpet"]
[Black "Ezedoke"]
[Result "0-1"]
[WhiteCountry "ENG"]
[BlackCountry "ARG"]
[WhiteElo "1590"]
[WhiteRD "59"]
[BlackElo "2000"]
[BlackRD "87"]
[GameID "323339"]

1. d4 d5 2. e3 Nf6 3. Nf3 c6 4. c4 e6 5. c5 b6 6. b4 a5 7. bxa5 bxc5 8. dxc5 Qxa5+ 9. Bd2 Qc7 10. a4 Bxc5
11. Bd3 e5 12. Nh4 e4 13. Be2 O-O 14. g3 Bh3 15. Bc3 Nbd7 16. Na3 g5 17. Nf3 exf3 18. Bxf3 Ne5 19. Be2 Ne4 20. Nb1 Qe7
21. Nd2 Nxc3 22. Qc2 Ne4 23. Nxe4 dxe4 24. Qxe4 Bb4+ 25. Kd1 Rfd8+ 26. Kc1 Ba3+ 27. Kc2 Qc5+
0-1

[Event "Blitz open"]
[Site "SchemingMind.com"]
[Date "2012.12.17"]
[Round "-"]
[White "Jacek"]
[Black "simpet"]
[Result "1-0"]
[WhiteCountry "POL"]
[BlackCountry "ENG"]
[WhiteElo "1693"]
[WhiteRD "79"]
[BlackElo "1613"]
[BlackRD "54"]
[GameID "323340"]

1. e4 e5 2. Bc4 Nf6 3. d4 Nxe4 4. dxe5 Qh4 5. Bxf7+ Kxf7 6. g3 Qe7 7. Qd5+ Qe6 8. Qxe4 d5 9. Qf4+ Ke8 10. Nf3 Bc5
11. Ng5 Qf5 12. Nc3 c6 13. O-O h6 14. Nf3 Rf8 15. Qxf5 Bxf5 16. Na4 Nd7 17. Nxc5 Nxc5 18. Be3 Nd7 19. Nd4 Nxe5 20. Rfe1 Be4
21. Bf4 Nc4 22. f3 Kd7 23. fxe4 dxe4 24. b3 Nd6 25. Bxd6 Kxd6 26. Rxe4 Rae8 27. Nf5+ Kc7 28. Rxe8 Rxe8 29. Nxg7 Re2 30. c4 Kb6
31. Nf5 h5 32. Ng7 Re5 33. Rd1 Rg5 34. Rd7 h4 35. Ne6 Rg8 36. Kf2 hxg3+ 37. hxg3 Rh8 38. c5+ Ka6 39. Kg2 b6 40. g4 b5
41. Kg3 Rh1 42. g5 Re1 43. Rd6 Kb7 44. Kf4 Re2 45. g6 Rxa2 46. g7 Rg2 47. Rd8 Rxg7 48. Nxg7 b4 49. Ke4 a5 50. Ne6 a4
51. bxa4 b3 52. Rd3 Ka6 53. Rxb3 Ka5 54. Ra3 Kb4 55. Ra1 Ka5 56. Ke5 Kb4 57. a5
1-0

[Event "Blitz open"]
[Site "SchemingMind.com"]
[Date "2012.12.20"]
[Round "-"]
[White "emvarela"]
[Black "simpet"]
[Result "1-0"]
[WhiteCountry "ARG"]
[BlackCountry "ENG"]
[WhiteElo "1743"]
[WhiteRD "47"]
[BlackElo "1613"]
[BlackRD "54"]
[GameID "323341"]

1. e4 e5 2. Nf3 Nc6 3. Bb5 d6 4. d4 Bd7 5. Nc3 a6 6. Bxc6 Bxc6 7. dxe5 dxe5 8. Qxd8+ Rxd8 9. Nxe5 Ne7 10. Bf4 Bd7
11. O-O-O g6 12. Nxd7 Rxd7 13. Rxd7 Kxd7 14. Rd1+ Kc8 15. Nd5 Nxd5 16. exd5 Bc5 17. Be3 Bxe3+ 18. fxe3 Re8 19. Rd3 Re4 20. b3 b5
21. Kd2 b4 22. c4 bxc3+ 23. Rxc3 Kb7 24. Kd3 f5 25. Rc4 Rxc4 26. bxc4 Kb6 27. Kd4 Ka5 28. Kc5 h5 29. d6 cxd6+ 30. Kxd6 Kb6
31. c5+ Kb7 32. Kd7
1-0

[Event "Blitz open"]
[Site "SchemingMind.com"]
[Date "2012.12.17"]
[Round "-"]
[White "silent1"]
[Black "simpet"]
[Result "0-1"]
[WhiteCountry "CAN"]
[BlackCountry "ENG"]
[WhiteElo "1407"]
[WhiteRD "90"]
[BlackElo "1613"]
[BlackRD "54"]
[GameID "323342"]

1. d4 d5 2. c4 c6 3. Nc3 Nf6 4. e3 Bf5 5. Nf3 e6 6. Bd3 Bxd3 7. Qxd3 Bd6 8. h3 O-O 9. O-O Na6 10. a3 c5
11. cxd5 Nxd5 12. Nxd5 exd5 13. Bd2 c4 14. Qc2 Nc7 15. Qf5 Ne6 16. Ne5 g6 17. Qg4 f5 18. Qe2 Bxe5 19. dxe5 b5 20. Bb4 Re8
21. Rfd1 Ng5 22. Rd4 Rxe5 23. f3 Ne6 24. Rd2 d4 25. Bc3 Rxe3 26. Qxe3 dxe3 27. Rxd8+ Rxd8 28. Kf1 Nd4 29. Bxd4 Rxd4 30. Ke1 Rd2
31. Rb1 Rxg2 32. Kf1 Rf2+ 33. Kg1 Rxf3 34. Kg2 Rf2+ 35. Kg1 Rd2 36. Kf1 f4
0-1

[Event "Blitz open"]
[Site "SchemingMind.com"]
[Date "2012.12.17"]
[Round "-"]
[White "NAZRIZ1977"]
[Black "simpet"]
[Result "1-0"]
[WhiteCountry "WLS"]
[BlackCountry "ENG"]
[WhiteElo "1598"]
[WhiteRD "82"]
[BlackElo "1590"]
[BlackRD "59"]
[GameID "323343"]

1. c4 e5 2. g3 Bc5 3. Bg2 Nf6 4. Nc3 Ng4 5. e3 d6 6. Nge2 O-O 7. O-O c6 8. h3 Nh6 9. d4 Bb6 10. b3 f6
11. Bb2 Bd7 12. Rc1 Qc8 13. Kh2 Bf5 14. e4 Bd7 15. dxe5 fxe5 16. Qxd6 Rxf2 17. Rxf2 Bxf2 18. Qxe5 Na6 19. Rf1 Bb6 20. Qxg7+ Kxg7
21. Nd5+ Kg6 22. Ne7+ Kh5 23. Nf4+ Kg5 24. h4+
1-0

[Event "Blitz open"]
[Site "SchemingMind.com"]
[Date "2012.12.21"]
[Round "-"]
[White "SAMAEL"]
[Black "simpet"]
[Result "1-0"]
[WhiteCountry "CAN"]
[BlackCountry "ENG"]
[WhiteElo "1719"]
[WhiteRD "55"]
[BlackElo "1613"]
[BlackRD "54"]
[GameID "323344"]

1. e4 e5 2. Nf3 Nc6 3. a3 Nf6 4. d3 d5 5. exd5 Nxd5 6. h3 h6 7. Bd2 Bc5 8. b4 Bb6 9. c4 Bxf2+ 10. Kxf2 O-O
11. cxd5 Ne7 12. Nc3 Nxd5 13. Nxd5 Qxd5 14. Be2 Be6 15. Re1 f6 16. Rc1 c6 17. Rc5 Qa2 18. Qc1 Rad8 19. Qc3 Bd5 20. Ra1 Qb3
21. Qxb3 Bxb3 22. Be3 a6 23. d4 exd4 24. Nxd4 Bd5 25. Bc4 Bxc4 26. Rxc4 Rfe8 27. Re1 Rd5 28. g4 Rde5 29. Bd2 Kh7 30. Rxe5 Rxe5
31. Nf3 Rd5 32. Rd4 Rxd4 33. Nxd4 Kg6 34. Kf3 h5 35. Ne6 hxg4+ 36. hxg4 Kh7 37. Nd8
1-0

[Event "Blitz open"]
[Site "SchemingMind.com"]
[Date "2012.12.16"]
[Round "-"]
[White "Ezedoke"]
[Black "simpet"]
[Result "1-0"]
[WhiteCountry "ARG"]
[BlackCountry "ENG"]
[WhiteElo "2000"]
[WhiteRD "87"]
[BlackElo "1590"]
[BlackRD "59"]
[GameID "323345"]

1. e4 e5 2. Nf3 Nc6 3. Bb5 Nge7 4. Nc3 a6 5. Bc4 Na5 6. Be2 d6 7. d4 f6 8. O-O Ng6 9. Re1 Be7 10. Nd5 c6
11. Nxe7 Qxe7 12. b4 exd4 13. Nxd4 c5 14. Nf5 Bxf5 15. exf5 Ne5 16. bxa5 O-O-O 17. Bc4 Qc7 18. Bd5 Qxa5 19. Rb1 b5 20. f4 Ng4
21. Bd2 Qb6 22. Qxg4 Rhe8 23. Qxg7 c4+ 24. Kf1 Rg8 25. Bxg8
1-0

[Event "Blitz open"]
[Site "SchemingMind.com"]
[Date "2012.12.17"]
[Round "-"]
[White "Colebunker"]
[Black "Jacek"]
[Result "0-1"]
[WhiteCountry "ENG"]
[BlackCountry "POL"]
[WhiteElo "1775"]
[WhiteRD "89"]
[BlackElo "1693"]
[BlackRD "79"]
[GameID "323350"]

1. e4 c5 2. Nf3 e6 3. Nc3 a6 4. d4 cxd4 5. Nxd4 Qc7 6. g3 Bb4 7. Bd2 Nf6 8. Bg2 O-O 9. O-O Nc6 10. Nde2 b5
11. a3 Bc5 12. Bf4 e5 13. Bg5 Be7 14. Bxf6 Bxf6 15. Nd5 Qd6 16. Nec3 Bb7 17. Nb6 Qxd1 18. Raxd1 Rad8 19. Nxd7 Rfe8 20. Nxf6+ gxf6
21. Nd5 Kg7 22. f4 Nd4 23. c3 Bxd5 24. cxd4 Bc4 25. fxe5 Bxf1 26. exf6+ Kxf6 27. Rxf1+ Kg7 28. d5 Rc8 29. h3 f6 30. Rf2 Rc1+
31. Kh2 Rec8 32. h4 R8c2 33. Rxc2 Rxc2 34. b3 Ra2 35. a4 bxa4 36. bxa4 Rxa4 37. Kh3 Rd4 38. Kg4 a5 39. Kf5 Kf7 40. Bf3 a4
41. e5 fxe5 42. Kxe5 Rd2 43. Bh5+ Ke7
0-1

[Event "Blitz open"]
[Site "SchemingMind.com"]
[Date "2012.12.20"]
[Round "-"]
[White "Colebunker"]
[Black "emvarela"]
[Result "1-0"]
[WhiteCountry "ENG"]
[BlackCountry "ARG"]
[WhiteElo "1775"]
[WhiteRD "89"]
[BlackElo "1743"]
[BlackRD "47"]
[GameID "323351"]

1. e4 e5 2. Nf3 Nc6 3. Bb5 a6 4. Ba4 Nf6 5. O-O Be7 6. Re1 b5 7. Bb3 O-O 8. c3 d5 9. exd5 Nxd5 10. d4 exd4
11. Nxd4 Nxd4 12. Qxd4 Be6 13. Nd2 c5 14. Qe5 c4 15. Bc2 Bc5 16. Ne4 Qb6 17. Nxc5 Qxc5 18. Be3 Qc7 19. Qe4 Nf6 20. Qh4 Rad8
21. Bd4 Rxd4 22. Qxd4 Rd8 23. Qh4 Rd5 24. Rad1 Rh5 25. Qg3
1-0

[Event "Blitz open"]
[Site "SchemingMind.com"]
[Date "2012.12.17"]
[Round "-"]
[White "Colebunker"]
[Black "silent1"]
[Result "1-0"]
[WhiteCountry "ENG"]
[BlackCountry "CAN"]
[WhiteElo "1775"]
[WhiteRD "89"]
[BlackElo "1407"]
[BlackRD "90"]
[GameID "323352"]

1. d4 d5 2. c4 e6 3. Nf3 Nf6 4. Bf4 c6 5. Nc3 Bd6 6. Bg3 O-O 7. e3 h6 8. Qc2 Nh5 9. Be2 Bxg3 10. hxg3 Nf6
11. O-O-O Nbd7 12. Ne5 Nxe5 13. dxe5 Nd7 14. f4 f6 15. Qg6 Qe8 16. Rxh6 Qxg6 17. Rxg6 fxe5 18. Rh1 exf4 19. gxf4 Rf6 20. Rg3 Nc5
21. Rgh3 Kf7 22. Rh8 b6 23. Bh5+ Ke7 24. Bf3 Bb7 25. Rxa8 Bxa8 26. Rh7 Kf7 27. Rh8 Nd3+ 28. Kb1 Bb7 29. Bh5+ Ke7 30. Rg8 dxc4
31. Rxg7+ Kf8 32. Rxb7 Rh6 33. g4 Ne1 34. Rxa7 Nd3 35. Ne4 Nb4 36. Rf7+ Kg8 37. Nf6+ Rxf6 38. Rxf6
1-0

[Event "Blitz open"]
[Site "SchemingMind.com"]
[Date "2012.12.16"]
[Round "-"]
[White "Colebunker"]
[Black "NAZRIZ1977"]
[Result "1-0"]
[WhiteCountry "ENG"]
[BlackCountry "WLS"]
[WhiteElo "1692"]
[WhiteRD "130"]
[BlackElo "1598"]
[BlackRD "82"]
[GameID "323353"]

1. Nf3 Nf6 2. g3 g6 3. Bg2 Bg7 4. O-O O-O 5. d4 d6 6. Re1 Nbd7 7. e4 e5 8. Bg5 Re8 9. Nc3 h6 10. Be3 Ng4
11. Qd2 Nxe3 12. Qxe3 a5 13. Rad1 exd4 14. Nxd4 Nc5 15. Nde2 Bg4 16. h3 Bxe2 17. Rxe2 Qd7 18. Qxc5
1-0

[Event "Blitz open"]
[Site "SchemingMind.com"]
[Date "2012.12.16"]
[Round "-"]
[White "Colebunker"]
[Black "simpet"]
[Result "1-0"]
[WhiteCountry "ENG"]
[BlackCountry "ENG"]
[WhiteElo "1692"]
[WhiteRD "130"]
[BlackElo "1590"]
[BlackRD "59"]
[GameID "323354"]

1. e4 e5 2. Nf3 Nc6 3. Bb5 Nge7 4. O-O g6 5. Nc3 Bg7 6. d3 O-O 7. Bg5 d6 8. Qd2 Bg4 9. Ne1 Nd4 10. h3 Bd7
11. Bc4 Be6 12. Nd5 c6 13. Nxe7+ Kh8 14. Nxg6+ fxg6 15. Bxd8 Raxd8 16. Bxe6 Nxe6 17. Nf3 Nf4 18. Kh2 Bh6 19. Kh1 Kg7 20. Qa5 Rd7
21. Qxa7 Rdf7 22. d4 Nxh3 23. dxe5 dxe5 24. Nxe5 Nxf2+ 25. Kg1 Re7 26. Rxf2 Rxe5 27. Rxf8 Rxe4 28. Qb8 Be3+ 29. Kf1 Bd4 30. Rg8+ Kh6
31. Qf8+ Kg5 32. Qd8+ Kh6 33. Re8 Rf4+ 34. Ke2 Rf2+ 35. Kd3 c5 36. Rh1+
1-0

[Event "Blitz open"]
[Site "SchemingMind.com"]
[Date "2012.12.21"]
[Round "-"]
[White "Colebunker"]
[Black "SAMAEL"]
[Result "0-1"]
[WhiteCountry "ENG"]
[BlackCountry "CAN"]
[WhiteElo "1775"]
[WhiteRD "89"]
[BlackElo "1719"]
[BlackRD "55"]
[GameID "323355"]

1. d4 d5 2. c4 e6 3. Nf3 Nf6 4. Bf4 Bd6 5. Bg3 Bxg3 6. hxg3 h6 7. Nc3 Nc6 8. e3 a6 9. Bd3 Ne7 10. Qc2 c6
11. O-O-O Bd7 12. Ne5 Qc7 13. Kb1 Rf8 14. c5 O-O-O 15. Na4 Kb8 16. Nb6 Nc8 17. Na4 Be8 18. Qb3 Ka7 19. Rc1 Nd7 20. Nf3 f6
21. Qa3 e5 22. Nd2 e4 23. Be2 Qa5 24. Nb3 Qc7 25. Nc3 Kb8 26. Na1 Na7 27. Nc2 Kc8 28. Nb4 Nb8 29. Na4 Kd7 30. Nb6+ Ke7
31. Bd1 Kf7 32. Qb3 Kg8 33. Rh4 Nc8 34. Nxc8 Rxc8 35. Rxe4 Bg6 36. Bc2 Bxe4 37. Bxe4 Kh8 38. Bc2 Nd7 39. Qd3 f5 40. g4 g6
41. gxf5 a5 42. fxg6 Kg7 43. f4 axb4 44. g4 Ra8 45. g5 hxg5 46. Rh1 Rh8 47. Rh7+ Rxh7 48. gxh7 Nf8 49. fxg5 Qf7 50. e4 dxe4
51. Qh3 Kh8 52. Bxe4 Ng6 53. Qd3 Nf4 54. Qd2 Qxa2+ 55. Kc1 Qc4+ 56. Kb1 Qf1+ 57. Kc2 Re8
0-1

[Event "Blitz open"]
[Site "SchemingMind.com"]
[Date "2012.12.16"]
[Round "-"]
[White "Colebunker"]
[Black "Ezedoke"]
[Result "0-1"]
[WhiteCountry "ENG"]
[BlackCountry "ARG"]
[WhiteElo "1692"]
[WhiteRD "130"]
[BlackElo "2000"]
[BlackRD "87"]
[GameID "323356"]

1. Nf3 d5 2. g3 Nf6 3. Bg2 c5 4. d4 cxd4 5. O-O h6 6. Nxd4 e5 7. Nb3 Nc6 8. c3 Bg4 9. h3 Be6 10. Be3 Qc8
11. Bc5 Bxh3 12. Bxf8 Kxf8 13. N1d2 h5 14. Nf3 h4 15. Ng5 Bxg2 16. Kxg2 Qg4 17. Qd2 Rh5 18. Nf3 hxg3 19. fxg3 Ne4 20. Qe1 Qh3+
0-1

[Event "Blitz open"]
[Site "SchemingMind.com"]
[Date "2012.12.18"]
[Round "-"]
[White "Jacek"]
[Black "Colebunker"]
[Result "1-0"]
[WhiteCountry "POL"]
[BlackCountry "ENG"]
[WhiteElo "1437"]
[WhiteRD "114"]
[BlackElo "1692"]
[BlackRD "130"]
[GameID "323357"]

1. e4 d5 2. exd5 Qxd5 3. Nc3 Qa5 4. Bc4 Nf6 5. Nge2 Bf5 6. O-O e6 7. d4 c6 8. Ng3 Bg6 9. f4 Be7 10. f5 exf5
11. Qe2 Ne4 12. Nxf5 Bxf5 13. Nxe4 Bxe4 14. Bxf7+ Kd8 15. Qxe4 Nd7 16. Re1 Bf6 17. d5 cxd5 18. Bxd5 Nc5 19. Qe2 Kc7 20. Bf4+ Kb6
21. b4
1-0

[Event "Blitz open"]
[Site "SchemingMind.com"]
[Date "2012.12.20"]
[Round "-"]
[White "emvarela"]
[Black "Colebunker"]
[Result "1/2-1/2"]
[WhiteCountry "ARG"]
[BlackCountry "ENG"]
[WhiteElo "1743"]
[WhiteRD "47"]
[BlackElo "1775"]
[BlackRD "89"]
[GameID "323358"]

1. e4 d5 2. exd5 Qxd5 3. Nc3 Qa5 4. d4 Nf6 5. Nf3 Bf5 6. Bc4 e6 7. Bd2 c6 8. Qe2 Bb4 9. O-O-O Nbd7 10. a3 Bxc3
11. Bxc3 Qc7 12. Ne5 O-O 13. g4 Be4 14. g5 Bxh1 15. gxf6 Bd5 16. Nxd7 Qxd7 17. fxg7 Rfe8 18. Bxd5 cxd5 19. Rd3 f5 20. f4 Re7
21. Rg3 Rxg7 22. Rxg7+ Kxg7 23. Qg2+ Kf7 24. Qg5 Rg8 25. Qh5+ Kf8 26. Bb4+ Kg7 27. Qg5+ Kf7 28. Qh5+ Kf6 29. Qh4+ Kg7=
1/2-1/2

[Event "Blitz open"]
[Site "SchemingMind.com"]
[Date "2012.12.17"]
[Round "-"]
[White "silent1"]
[Black "Colebunker"]
[Result "0-1"]
[WhiteCountry "CAN"]
[BlackCountry "ENG"]
[WhiteElo "1440"]
[WhiteRD "113"]
[BlackElo "1692"]
[BlackRD "130"]
[GameID "323359"]

1. d4 Nf6 2. c4 e6 3. Nc3 Bb4 4. Bd2 O-O 5. e3 b6 6. Bd3 Bb7 7. Nf3 d5 8. O-O Nbd7 9. c5 bxc5 10. Ne2 Bxd2
11. Qxd2 c4 12. Bc2 c5 13. a3 cxd4 14. Nexd4 Nc5 15. h3 Nfe4 16. Bxe4 Nxe4 17. Qc2 Rc8 18. Qd3 cxd3
0-1

[Event "Blitz open"]
[Site "SchemingMind.com"]
[Date "2012.12.16"]
[Round "-"]
[White "NAZRIZ1977"]
[Black "Colebunker"]
[Result "1/2-1/2"]
[WhiteCountry "WLS"]
[BlackCountry "ENG"]
[WhiteElo "1753"]
[WhiteRD "63"]
[BlackElo "1775"]
[BlackRD "89"]
[GameID "323360"]

1. c4 Nf6 2. g3 g6 3. Bg2 Bg7 4. Nc3 O-O 5. Nf3 d6 6. d3 e5 7. Bg5 h6 8. Bxf6 Bxf6 9. Rb1 a5 10. a3 Nc6
11. b4 axb4 12. axb4 Bd7 13. O-O Bg7 14. b5 Ne7 15. Qb3 Kh7 16. Nd5 Nxd5 17. cxd5 f5 18. Rbc1 Rf7 19. Rc4 Ra5 20. Rb4 Qa8
21. b6 cxb6 22. Rxb6 Ba4 23. Qb4 Bf8 24. Ra1 Rc7 25. Nd2 Ra7 26. Nc4 Be8 27. Rxa7 Qxa7 28. Na5 Bd7 29. Rxb7 Rxb7 30. Qxb7 Qxb7
31. Nxb7 Kg7 32. f4 exf4 33. gxf4= Kf6 34. Kf2 Ke7 35. Na5 Bg7 36. Nc4 Bc3=
1/2-1/2

[Event "Blitz open"]
[Site "SchemingMind.com"]
[Date "2012.12.16"]
[Round "-"]
[White "simpet"]
[Black "Colebunker"]
[Result "0-1"]
[WhiteCountry "ENG"]
[BlackCountry "ENG"]
[WhiteElo "1590"]
[WhiteRD "59"]
[BlackElo "1692"]
[BlackRD "130"]
[GameID "323361"]

1. e4 d5 2. exd5 Qxd5 3. Nc3 Qa5 4. Nf3 Nf6 5. Be2 c6 6. a3 Bf5 7. b4 Qc7 8. Bb2 e6 9. O-O Bd6 10. g3 Nbd7
11. d3 O-O 12. Nh4 Bh3 13. Re1 Ne5 14. Nf3 Ng6 15. Ng5 Bf5 16. Bf3 h6 17. Nge4 Bxe4 18. Nxe4 Nxe4 19. Bxe4 f5 20. Bf3 e5
21. c4 Rae8 22. Bh5 Re6 23. d4 e4 24. d5 Ref6 25. Bxf6 Rxf6 26. dxc6 bxc6 27. Bxg6 Rxg6 28. Ra2 c5 29. Qd5+ Qf7 30. Qxf7+ Kxf7
31. b5 h5 32. Rd2 Be5 33. Red1 Bd4 34. Kg2 h4 35. a4 hxg3 36. hxg3 f4 37. Rh1 e3 38. fxe3 Rxg3+ 39. Kh2 Rxe3 40. Rc2 g5
41. a5 g4 42. Rf1 Rh3+ 43. Kg2 f3+ 44. Rxf3+ Rxf3 45. Re2 Rc3 46. Re4 g3 47. Rf4+ Ke6 48. Rg4 Be5 49. Rg7 Rxc4 50. Rxa7 Rc2+
51. Kh3 Rh2+ 52. Kg4 g2
0-1

[Event "Blitz open"]
[Site "SchemingMind.com"]
[Date "2012.12.21"]
[Round "-"]
[White "SAMAEL"]
[Black "Colebunker"]
[Result "0-1"]
[WhiteCountry "CAN"]
[BlackCountry "ENG"]
[WhiteElo "1719"]
[WhiteRD "55"]
[BlackElo "1775"]
[BlackRD "89"]
[GameID "323362"]

1. c4 d5 2. e3 e6 3. Nf3 Nf6 4. Be2 Be7 5. O-O O-O 6. a3 b6 7. Nc3 Bb7 8. d4 c5 9. b3 Nc6 10. Bb2 dxc4
11. bxc4 Rc8 12. Na4 cxd4 13. Nxd4 Na5 14. Rc1 Ne4 15. f3 Nc5 16. Bc3 Nxa4 17. Qxa4 e5 18. Nf5 Bf6 19. Bxa5 bxa5 20. Rfd1 Qc7
21. Rd7 Qb6 22. Rd3 Rcd8 23. Rcd1 Rxd3 24. Rxd3 e4 25. Rb3 Qc7 26. Rb1 exf3 27. Bxf3 Bxf3 28. gxf3 Rd8 29. Nd4 h6 30. Nb3 Qe5
31. Re1 Bh4 32. Rf1 Qxe3+ 33. Kh1 Bf2
0-1

[Event "Blitz open"]
[Site "SchemingMind.com"]
[Date "2012.12.16"]
[Round "-"]
[White "Ezedoke"]
[Black "Colebunker"]
[Result "1-0"]
[WhiteCountry "ARG"]
[BlackCountry "ENG"]
[WhiteElo "2000"]
[WhiteRD "87"]
[BlackElo "1692"]
[BlackRD "130"]
[GameID "323363"]

1. e4 d5 2. exd5 Qxd5 3. Nc3 Qa5 4. d4 Nf6 5. Nf3 Bf5 6. Bc4 e6 7. Bd2 c6 8. Nd5 Qd8 9. Nxf6+ gxf6 10. Bb3 Rg8
11. Qe2 Nd7 12. O-O-O Qc7 13. Nh4 O-O-O 14. Nxf5 exf5 15. g3 Nb6 16. Qh5 Nd5 17. Qxh7 Rg7 18. Qxf5+ Kb8 19. h4 Be7 20. h5 Rgg8
21. h6 Rh8 22. h7 Qd7 23. Qxd7 Rxd7 24. Bxd5 Rxd5 25. Bh6
1-0

[Event "Blitz open"]
[Site "SchemingMind.com"]
[Date "2012.12.20"]
[Round "-"]
[White "capablanca"]
[Black "Jacek"]
[Result "0-1"]
[WhiteCountry "GER"]
[BlackCountry "POL"]
[WhiteElo "1638"]
[WhiteRD "55"]
[BlackElo "1693"]
[BlackRD "79"]
[GameID "323488"]

1. e4 c5 2. c3 d5 3. exd5 Qxd5 4. d4 Nf6 5. Nf3 Bg4 6. Be2 e6 7. O-O Be7 8. Ne5 Bxe2 9. Qxe2 O-O 10. Rd1 Rd8
11. c4 Qe4 12. Qxe4 Nxe4 13. f3 Nf6 14. Be3 cxd4 15. Rxd4 Rxd4 16. Bxd4 Nfd7 17. Nc3 Nxe5 18. Bxe5 Nc6 19. Bg3 Rd8 20. Rd1 Bc5+
21. Bf2 Rxd1+ 22. Nxd1 Bxf2+ 23. Nxf2 f5 24. Nd3 Kf7 25. f4 Kf6 26. Kf2 e5 27. fxe5+ Nxe5 28. Nxe5 Kxe5 29. Ke3 f4+ 30. Kf3 g5
31. g3 a5 32. b3 h5 33. a3 g4+ 34. Kf2 f3 35. Ke3 f2 36. Kxf2 Kd4 37. b4 axb4
0-1

[Event "Blitz open"]
[Site "SchemingMind.com"]
[Date "2012.12.20"]
[Round "-"]
[White "capablanca"]
[Black "emvarela"]
[Result "1/2-1/2"]
[WhiteCountry "GER"]
[BlackCountry "ARG"]
[WhiteElo "1638"]
[WhiteRD "55"]
[BlackElo "1743"]
[BlackRD "47"]
[GameID "323489"]

1. e4 e5 2. Nf3 Nc6 3. Bc4 Bc5 4. c3 Nf6 5. d4 exd4 6. cxd4 Bb4+ 7. Nc3 Nxe4 8. Bd2 Bxc3 9. Bxc3 Nxc3 10. bxc3 d5
11. Bb3 Be6 12. O-O O-O 13. Qd3 a6 14. Bc2 g6 15. Qe3 Qf6 16. Qg5 Qxg5 17. Nxg5 h6 18. Nxe6 fxe6 19. Bxg6 Kg7 20. Bd3 b5
21. a3 Ne7 22. Rae1 Rf6 23. Re3 Ng6 24. Rg3 Kf7 25. Bxg6+=
1/2-1/2

[Event "Blitz open"]
[Site "SchemingMind.com"]
[Date "2012.12.20"]
[Round "-"]
[White "capablanca"]
[Black "silent1"]
[Result "1-0"]
[WhiteCountry "GER"]
[BlackCountry "CAN"]
[WhiteElo "1638"]
[WhiteRD "55"]
[BlackElo "1407"]
[BlackRD "90"]
[GameID "323490"]

1. e4 e5 2. f4 exf4 3. Nf3 d6 4. d4 Be7 5. Bxf4 Nf6 6. Nc3 O-O 7. Bc4 Nc6 8. O-O Bg4 9. Qd3 h6 10. e5 dxe5
11. Nxe5 Nxe5 12. Bxe5 c6 13. Ne4 Nxe4 14. Qxe4 Be6 15. Bxe6 fxe6 16. Qg6 Bf6 17. Bxf6 Rxf6 18. Rxf6 Qxf6 19. Qxf6 gxf6 20. Kf2 Kf7
21. Ke3 Rg8 22. g3 Re8 23. Rf1 Kg6 24. Ke4 Rd8 25. c3 Rd5 26. c4 Rf5 27. Rxf5 exf5+ 28. Kf4 b6 29. d5 cxd5 30. cxd5 Kf7
31. Kxf5
1-0

[Event "Blitz open"]
[Site "SchemingMind.com"]
[Date "2012.12.20"]
[Round "-"]
[White "capablanca"]
[Black "NAZRIZ1977"]
[Result "0-1"]
[WhiteCountry "GER"]
[BlackCountry "WLS"]
[WhiteElo "1638"]
[WhiteRD "55"]
[BlackElo "1753"]
[BlackRD "63"]
[GameID "323491"]

1. e4 d6 2. d4 Nf6 3. Nc3 e5 4. Nf3 Nbd7 5. Bc4 h6 6. O-O Be7 7. Be3 c6 8. dxe5 dxe5 9. Re1 Qc7 10. Bd3 Nf8
11. h3 g5 12. Ne2 Ng6 13. Ng3 Rg8 14. Nf5 Nf4 15. Nxh6 Rh8 16. Nf5 g4 17. Ng5 gxh3 18. Bxf4 exf4 19. Nxh3 Bxf5 20. exf5 O-O-O
21. Qf3 Rdg8 22. Nxf4 Rh4 23. g3 Rxf4 24. Qe2 Rxf2 25. Qxf2 Bc5
0-1

[Event "Blitz open"]
[Site "SchemingMind.com"]
[Date "2012.12.19"]
[Round "-"]
[White "capablanca"]
[Black "simpet"]
[Result "1-0"]
[WhiteCountry "GER"]
[BlackCountry "ENG"]
[WhiteElo "1638"]
[WhiteRD "55"]
[BlackElo "1613"]
[BlackRD "54"]
[GameID "323492"]

1. e4 e5 2. Nf3 Nc6 3. Bc4 Nf6 4. c3 Bc5 5. O-O Nxe4 6. d3 Nd6 7. Bb3 O-O 8. Re1 Qf6 9. Bg5 Qf5 10. Bc2 Bb6
11. d4 e4 12. Bh4 Re8 13. Nbd2 Qf4 14. Bg3 Qf6 15. Nxe4 Nxe4 16. Rxe4 Rxe4 17. Bxe4 Ne7 18. Qb3 c6 19. Be5 Qe6 20. Qc2 g6
21. Ng5 Qg4 22. Bf6 Nd5 23. h3 Qh4 24. Bxd5 cxd5 25. Qb3 Qf4 26. Be7 Bc7 27. Nf3 Qe4 28. Re1 Qf5 29. Qd1 d6 30. Bg5 Be6
31. g4 Qe4 32. Rxe4 dxe4 33. Nd2 d5 34. Nf1 b6 35. Ne3 Bd8 36. Bxd8 Rxd8 37. Qa4 Ra8 38. Qc6 Rc8 39. Qb7
1-0